[Event "EU-Cup 30th"]
[Site "Bilbao"]
[Date "2014.09.17"]
[Round "4.2"]
[White "Rodshtein, Maxim"]
[Black "Nakamura, Hikaru"]
[Result "0-1"]
[WhiteElo "2678"]
[BlackElo "2782"]
[Annotator "Krasenkow,M"]
[PlyCount "114"]
[EventDate "2014.09.14"]
[EventType "team-swiss"]
[EventRounds "7"]
[EventCountry "ESP"]
[SourceTitle "CBM 163"]
[Source "ChessBase"]
[SourceDate "2014.11.11"]
[SourceVersion "1"]
[SourceVersionDate "2014.11.11"]
[SourceQuality "1"]
[WhiteTeam "Beer Sheva"]
[BlackTeam "Padova"]
[WhiteTeamCountry "ISR"]
[BlackTeamCountry "ITA"]

1. c4 Nf6 2. Nf3 g6 3. Nc3 Bg7 4. e4 d6 5. d4 O-O 6. h3 e5 7. d5 a5 8. g4 Na6
9. Be3 {For this recently popular plan - see Postny - Kotronias in CBM 162.}
Nd7 (9... Nc5 {is another popular option.}) 10. a3 {Preventing 10...Ndc5,
after which 11.b4 will be possible.} Nac5 11. Rg1 {This move is the most
common but Black now blockades the queenside.} ({His idea is that after} 11. b4
axb4 12. axb4 Rxa1 13. Qxa1 Nb3 $1 14. Qd1 Nd4 15. Nxd4 exd4 16. Bxd4 Ne5 {
he obtains excellent compensation for the missing pawn. An example from a
correspondence game:} 17. Bg2 f5 18. exf5 gxf5 19. f4 Ng6 20. O-O fxg4 21. Bxg7
Kxg7 22. hxg4 Qh4 23. Nb5 Bxg4 24. Qd4+ Kg8 25. Qf2 Qe7 26. Qg3 Be2 27. Re1
Rxf4 28. Nc3 Rg4 29. Qxg4 Bxg4 30. Rxe7 Nxe7 31. Nb5 Be2 32. Bf1 Bxf1 {1/2 (32)
Daanen,A (2165)-Larin,I (2233) Lechenicher SchachServer 2012}) (11. Nd2 {
can be met with} Bf6 $1 {0-1 (48) Riazantsev,A (2617)-Inarkiev,E (2675)
Novokuznetsk 2008} 12. b4 $140 axb4 13. axb4 Rxa1 14. Qxa1 Na6 15. Qa5 Bg5 $1 {
Here the weaknesses created in White's camp with g2-g4 become crucial.}) 11...
a4 (11... Kh8 12. Nd2 a4 13. g5 (13. Qc2 $5 {1-0 (44) Arnaudov,P (2476)
-Nenezic,M (2370) Plovdiv 2012}) 13... f5 14. h4 fxe4 $1 (14... f4 15. Bxc5
Nxc5 16. Qf3 (16. h5 $144 Rf7 17. Qf3 Kg8 18. O-O-O Bf8 19. Bh3 Be7 20. Rg2 Rg7
21. hxg6 hxg6 22. Rh1 $40 {1-0 (35) Arnaudov,P (2429)-Kazakos,E (2203) Kavala
2014}) 16... c6 17. O-O-O Qe8 18. Kb1 Rb8 19. Rh1 cxd5 20. cxd5 b5 21. Na2 Kg8
22. Nb4 $16 {1-0 (59) Riazantsev,A (2679)-Belyakov,B (2301) Olginka 2011}) 15.
h5 Rf4 $1 16. h6 Bf8 17. Qc2 (17. Bxf4 exf4 18. Ncxe4 Nxe4 19. Nxe4 Ne5 20. Qd4
Be7 21. O-O-O Bf5 $132 {E.Postny}) 17... Nb3 $1 18. Nxb3 axb3 19. Qd2 $1 Rh4
20. O-O-O Nb6 21. Be2 Bf5 22. Rg3 Be7 23. Rdg1 Nd7 $13 {1-0 (45) Postny,E 
(2651)-Kotronias,V (2552) Vrachati 2014 CBM 162 [Postny,E]}) 12. Nd2 c6 {
This natural move transposes to a position from Carlsen - Topalov (see CBM 133)
.} (12... h6 13. Qf3 Kh7 14. h4 Nf6 15. Qd1 h5 16. g5 Ng4 17. Bxc5 dxc5 18. Bd3
$16 {[%csl Rg4] 1-0 (49) Lysyj,I (2612)-Inarkiev,E (2664) Ulan Ude 2009}) (
12... Bf6 13. g5 Be7 14. h4 f6 15. gxf6 Bxf6 16. h5 g5 17. h6 Kh8 18. Qh5 Qe8
19. Qxe8 Rxe8 20. Nb5 Na6 21. Nf3 g4 22. Nh2 Bd8 23. Nxg4 Ndc5 24. f3 Rg8 25.
Bh3 $14 {1/2 (62) Potkin,V (2621)-Yuffa,D (2444) Vladivostok 2014}) (12... Nb6
13. Qc2 Bd7 14. O-O-O c6 15. Kb1 {also transposes to Carlsen - Topalov:} Qe7 (
15... cxd5 $2 16. cxd5 Rc8 17. Bb5 $1 Bxb5 18. Nxb5 Qd7 19. Nc3 Bf6 20. g5 Bd8
21. h4 $16 {1-0 (41) Carlsen,M (2772)-Topalov,V (2813) Nanjing 2009 CBM 133 
[Krasenkow,M]}) (15... Rc8 $142) 16. Be2 Rfc8 17. h4 cxd5 18. exd5 e4 {1/2 (95)
Arnaudov,P (2476)-Spasov,V (2571) Panagyurishte 2012} 19. h5 $36) 13. Qf3 $146
{Hardly a good novelty.} ({To meet} 13. Qc2 {Hikaru Nakamura had probably
prepared} b6 {as well} (13... Nb6 14. O-O-O Bd7 {- see above}) (13... h6 14.
O-O-O Kh7 15. Kb1 Bf6 16. Nf3 Be7 17. h4 Qa5 18. Nd2 Nb6 19. f4 $1 $16 {
1-0 (31) Deepan Chakkravarthy,J (2470)-Tiwari,A (2324) Aurangabad 2011}) 14.
O-O-O (14. dxc6 Nb8 {[%cal Yb8c6,Yc6d4]}) 14... Ba6 {etc., which requires
further exploration.}) 13... b6 14. O-O-O (14. dxc6 Nb8) 14... Ba6 15. h4 cxd5
16. Nxd5 (16. cxd5 Bxf1 17. Nxf1 b5 $1 {with strong counterplay for Black} 18.
Nxb5 $140 Rb8 {[%cal Gb8b2]}) 16... Ne6 {Taking dark squares under control.} ({
However,} 16... h6 $1 {was more accurate.}) 17. Kb1 $6 (17. g5 $5 Nd4 18. Qh3 {
[%cal Yh4h5] is critical. After the text move Black closes the kingside.})
17... h6 $1 18. g5 ({The structure with} 18. h5 g5 {is pleasant for White when
his pawn is on d5, and therefore Black's knights have no way to the f4-square
- not the case here.}) 18... h5 19. Bh3 b5 $6 {It was quite possible for Black
to wait as White had no active plan. However, he prefers to play actively
himself.} 20. Rc1 bxc4 21. Nxc4 Bxc4 22. Rxc4 Nd4 23. Bxd4 exd4 24. Bxd7 Qxd7
$16 {As a result, White has a very strong d5-knight; he should beware of ...
d4-d3 , of course, but generally his chances are clearly better.} 25. Qd3 (25.
Nf6+ $5 Bxf6 26. gxf6 {[%cal Rf3h5]}) 25... Rab8 26. Rb4 $1 Rbe8 (26... Rxb4
27. axb4 {[%cal Rb4b5]} Rb8 28. f4 $16 {[%cal Yf4f5]}) 27. Rxd4 $1 {[%mdl 512]
An obvious exchange sacrifice.} Bxd4 28. Qxd4 {White can now regain the
material by means of Nd5-f6+ but it is not necessary.} Re6 29. f4 $1 Qb7 30.
Qxa4 $6 {Wrong! White trades his a3-pawn for Black's weak a4-pawn.} (30. f5 $1
Re5 31. Nf6+ Kh8 32. Qxd6 Qe7 33. Qd4 Rd8 34. Nd5 gxf5 (34... Qd6 $143 35. fxg6
fxg6 36. Rc1 {[%cal Rc1c6]}) 35. g6 $1 Kg7 (35... fxg6 $2 36. Nxe7 Rxd4 37.
Nxg6+) 36. gxf7+ Kxf7 37. Qd2 {[%cal Rd2h6] , and White's attack should be
decisive.}) 30... Ra8 31. Qd4 (31. Qb4 Qxb4 32. axb4 Rc8 {, and White can
hardly win.}) 31... Rxa3 32. f5 Re5 33. Nf6+ (33. Rc1 $142 $14) 33... Kg7 34.
Ne8+ Kg8 35. Nxd6 Qa7 36. Qxa7 Rxa7 {[%mdl 4096] This endgame is very unclear.}
37. Rc1 gxf5 38. exf5 Rd7 39. Rc6 (39. Rc8+ $142 Kh7 40. Rc6 {not allowing} Rd8
) 39... Rd8 40. Kc2 Rd5 41. Ne4 Rxf5 {Black's rooks have become very strong.}
42. Nf6+ Kf8 43. Nxh5 $2 (43. Rc4 {was a must, first protecting the h4-pawn
and then collecting Black's h5-pawn. In that case White should not lose.})
43... Rd4 44. Nf6 Rxh4 (44... Rf2+ $142 $1 45. Kc3 Rxh4 {freeing the f5-square
for the king. Still, the text move doesn't let the win slip.}) 45. Rc8+ Ke7 46.
Rc7+ Ke6 47. Rc6+ Ke5 48. Nd7+ Kd4 49. g6 Rh2+ 50. Kb1 (50. Kb3 fxg6 51. Rxg6
Rb5+ 52. Ka3 Rhxb2 53. Rg4+ {is a bit more stubborn but still lost for White,
e.g.} Kd5 54. Rg5+ Kd6 55. Nc5 (55. Rxb5 Rxb5 $19 {- White's knight will be
trapped}) 55... Kc6 56. Ne4 R5b3+ 57. Ka4 Rb7 58. Ka3 R2b3+ 59. Ka2 R3b4 $19)
50... fxg6 51. Rxg6 Rb5 {White's king will now be cut off on the 1st rank.} 52.
Rd6+ Ke3 53. Kc1 Rbxb2 54. Ne5 $2 {This loses instantly.} (54. Re6+ {is a must
but Black wins anyway:} Kf4 55. Rc6 (55. Rf6+ Ke4 $1 56. Re6+ Kd5) 55... Ke4
56. Nf6+ Kd4 57. Ng4 Rhe2 {etc.}) 54... Rhc2+ 55. Kd1 Ra2 $1 {[%cal Rc2g2]} 56.
Ng4+ Kf3 57. Ne5+ Ke4 0-1

[Event "FIDE-Wch k.o."]
[Site "Tripoli"]
[Date "2004.06.21"]
[Round "2.1"]
[White "Lputian, Smbat G"]
[Black "Mamedyarov, Shakhriyar"]
[Result "1/2-1/2"]
[WhiteElo "2634"]
[BlackElo "2657"]
[Annotator "Stohl,I"]
[PlyCount "102"]
[EventDate "2004.06.19"]
[EventType "k.o."]
[EventRounds "7"]
[EventCountry "LBY"]
[SourceTitle "CBM 102"]
[Source "ChessBase"]
[SourceDate "2004.09.23"]
[SourceVersion "1"]
[SourceVersionDate "2004.09.23"]
[SourceQuality "1"]

1. d4 Nf6 2. c4 g6 3. Nc3 Bg7 4. g3 O-O 5. Bg2 d6 6. Nf3 Nc6 7. O-O Bf5 8. b3 (
8. Ne1 $5 {is currently considered to be the most ambitious.}) 8... Ne4 9. Bb2
Nxc3 10. Bxc3 Be4 11. e3 (11. Qd2 d5 $132 {and White's Q is better placed on
e2.} (11... e6 {/\d5}) (11... e5 $5 12. d5 Nb8 13. Rfe1 Re8 14. Rac1 Nd7 15.
Bf1 Bxf3 16. exf3 f5 17. b4 {Granda Zuniga,J-Smirin,I/Elenite/1993/} Kh8 18.
Bb2 Nf6 $11 {Dautov})) (11. Rc1 $142 {is probably a more useful move.}) 11...
e5 $5 {Often in this line Black tries to put his [+]P on the light-squares,
but here it seems better to change plans.} (11... Qd7 12. Rc1 d5 13. Qe2 Rad8
14. Rfd1 Rfe8 15. Ba1 Qc8 16. h3 h6 17. Kh2 $14 g5 $6 18. Ne1 Bxg2 19. Kxg2 e5
20. cxd5 Rxd5 21. Qc4 Qd8 22. e4 Rd7 23. d5 $16 {Ribli,Z-Zapata,A/Subotica izt/
1987/}) (11... d5 12. Qe2 $1 (12. Bh3 e5 13. cxd5 exd4 14. Nxd4 Nxd4 15. Bxd4
Qxd5 16. Bxg7 Kxg7 17. Qxd5 Bxd5 18. Bg2 {1/2,Ruck,R-Banikas,H/EU-ch U20
Tallinn/1997/}) 12... e6 (12... Qd7 13. Rfc1 h6 14. Bf1 g5 15. Nd2 Bg6 16. cxd5
Qxd5 17. Bg2 Qd7 18. Qb5 Rab8 {Itkis,B-Onoprienko,V/Alushta/1997/} 19. Ne4 $16)
13. Rfd1 a5 14. Bh3 Bxf3 15. Qxf3 Ne7 16. Qe2 c6 17. Rab1 Qd7 18. c5 $5 Ra7 19.
a4 Qc7 20. b4 axb4 21. Rxb4 $36 {Ribli,Z-Wittmann,W/Manila olm/1992/}) 12. d5
Nb8 (12... Ne7 13. Rc1 b5 14. Ba5 Qb8 15. Bh3 {Hulak,K-Smirin,I/Zagreb zt/1993/
} c6 $5 $132 {Dautov}) 13. Rc1 f5 (13... Re8 $5 {[%cal Re5e4,Re4f3] /\Bf3,e4}
14. Nd2 Bxg2 $11) 14. Nd2 Bxg2 15. Kxg2 Nd7 16. b4 (16. e4 Bh6 $1 $11) 16...
Qe7 (16... e4 $6 17. Bxg7 Kxg7 18. Nb3 $1 $36 {[%csl Re6] ><e6}) 17. f4 Rae8
18. Nf3 h6 (18... exf4 19. exf4 Qe2+ $11 {was possible immediately, but Black
would still like to keep the tension...}) 19. Qc2 exf4 (19... g5 $143 20. Rce1)
({More ambitious was} 19... c5 $5 $13) 20. exf4 Qe2+ 21. Qxe2 Rxe2+ 22. Rf2
Rxf2+ 23. Kxf2 Nf6 $6 {This is inaccurate, as now White gets something to play
for.} (23... Bxc3 24. Rxc3 Nf6 (24... a5 $5 25. bxa5 Nc5 26. Ra3 Re8 $44 {/=})
25. Ra3 a6 26. Nd4 Re8 $11 (26... b5 $5) 27. Ne6 $6 c6 $1 28. dxc6 bxc6 29. Nc7
Ng4+ $36) 24. Bxf6 Bxf6 25. c5 $36 {[%mdl 4352] In this _|_ White is better
without any risk and Black must remain alert.} dxc5 (25... Re8 $142 26. Rc4 (
26. c6 b5 $132) (26. cxd6 cxd6 27. Rc7 Re7 28. Rc8+ Kf7 29. Rd8 Re2+ $11) 26...
Re4 $5 27. Rxe4 fxe4 28. cxd6 cxd6 29. Nd2 Bc3 30. Nxe4 Bxb4 $14 {/=}) 26. Rxc5
Rf7 27. Ke3 (27. Ne5 Re7 28. a4 $5 Kg7 (28... Bxe5 29. fxe5 Rxe5 30. Rxc7 Rxd5
31. Rxb7 a5 $2 32. b5 Rd4 33. Ra7 $18 {[%csl Gb5] o^b5}) 29. Rc2 a6 $1 $14)
27... Re7+ 28. Kd3 Kf8 (28... Kf7 $2 29. Ne5+ $1 Bxe5 30. fxe5 $16 {/\} Rxe5
31. Rxc7+ Re7 $2 32. d6 $18) 29. a4 (29. Ne5 $6 Bxe5 30. fxe5 Rxe5 31. Rxc7
Rxd5+ 32. Kc3 (32. Kc4 $6 Rd2) 32... Rb5 $15 {/=}) 29... g5 {[%csl Rf4][%cal
Yf8d8,Ye7e4,Yg5f4] /\gf4,Ke8-d8,Re4,><f4} (29... Ke8 {/\Kd7+/= was less
committal.}) 30. d6 $5 {White anticipates Black's <=> and changes the
character of the position, retaining a slight edge. Mamedyarov must still
defend accurately.} cxd6 31. Rxf5 Kf7 32. fxg5 hxg5 33. g4 (33. Nxg5+ $2 Kg6
$15) 33... Kg6 34. Rd5 Rd7 35. a5 (35. b5 $5 $14 {[%cal Yh2h3,Yf3d2,Yd2c4,
Yh3h4] /\h3,Nd2-c4,h4!?|^ seems more promising.}) 35... a6 $1 {Black fixates
the << pawns on dark squares.} 36. Kd2 $6 (36. h4 gxh4 37. g5 Bg7 38. Nxh4+ Kh5
39. Nf3 Kg6 $14 (39... Kg4 40. Nd2 Be5 41. Nc4 $14)) 36... Rd8 37. Ke3 (37. h4
gxh4 38. g5 Bg7 39. Nxh4+ Kh5 40. Nf3 Kg4 $5 $11) 37... Be7 $1 {An ideal
square for the B, from here it defends both d6 and g5, freeing the R for
active <=>.} 38. Nd4 Rh8 $132 39. Nf5 Bf8 40. Nxd6 (40. Rd2 d5 41. Rb2 Rh3+ 42.
Kd4 Rf3 $1 43. Kxd5 Rf4 $11) 40... Rxh2 41. b5 $5 (41. Ne4 Bxb4 42. Rxg5+ Kf7
$11 {[%csl Ra5] ><a5}) (41. Nxb7 Bxb4 $11) 41... Rh3+ 42. Kf2 (42. Ke4 Rg3 43.
Nxb7 Rxg4+ $11) 42... axb5 43. Nxb7 Rb3 (43... b4 $5 44. a6 b3 45. a7 (45. Rb5
b2 $11) 45... b2 46. Rb5 (46. a8=Q b1=Q 47. Qe8+ Kh7 48. Qf7+ Bg7 49. Qf5+ $11)
46... Ra3 $11) 44. Ke2 (44. Nd8 b4 $132 (44... Rb4 45. Nc6 $1 $16)) 44... Rb4
$1 (44... b4 $2 45. a6 Ra3 46. Ra5 $1 Rxa5 47. Nxa5 Bc5 48. Kd3 $18) 45. Kf3
Rf4+ 46. Kg3 Rb4 47. Nd8 Rb3+ 48. Kg2 b4 {The P can advance only after the N
leaves b7.} 49. Ne6 Be7 50. Rb5 Ra3 51. Nd4 Bf6 ({After} 51... Bf6 {[%csl Gb4,
Gf6] Black's o^ is already supported by his B and White does best to resign
himself to a draw with} 52. Rxb4 Rxa5 $11) 1/2-1/2

[Event "Capablanca Memorial Elite 46th"]
[Site "Havana"]
[Date "2011.05.19"]
[Round "8"]
[White "Navara, David"]
[Black "Dominguez Perez, Leinier"]
[Result "0-1"]
[WhiteElo "2702"]
[BlackElo "2726"]
[Annotator "Krasenkow,M"]
[PlyCount "98"]
[EventDate "2011.05.11"]
[EventType "tourn"]
[EventRounds "10"]
[EventCountry "CUB"]
[EventCategory "19"]
[SourceTitle "CBM 143"]
[Source "ChessBase"]
[SourceDate "2011.07.15"]
[SourceVersion "1"]
[SourceVersionDate "2011.07.15"]
[SourceQuality "1"]

1. d4 Nf6 2. c4 g6 3. Nc3 Bg7 4. e4 d6 5. Bd3 O-O 6. Nge2 c5 7. d5 e6 8. Bg5 h6
9. Bh4 g5 (9... exd5 {is played more often.}) 10. Bg3 Nh5 $1 {GM Alexander
Grischuk's innovation is now for the first time tested in a serious game.} (
10... e5 {is insufficient for equality:} 11. h4 g4 12. f4 $5 ({or} 12. h5 Nh7
13. Bh4 Bf6 14. Bxf6 Qxf6 15. Ng3 Kh8 16. Qd2 a6 17. Na4 Nd7 18. Nf5 Ng5 19.
Ne3 Qf4 20. Nf5 $16 {1-0 Teschner,R (2425)-Tuerk,H/Germany 1978/EXT 1999 (65)})
12... gxf3 (12... exf4 13. Bxf4 Nh5 14. Qd2 $14) 13. gxf3 Nh5 14. Qd2 Qf6 15.
O-O-O a6 16. Rdf1 Nxg3 17. Nxg3 Qf4 18. Nh5 Qxd2+ 19. Kxd2 Kh7 20. Nd1 Nd7 21.
Ne3 $16 {1-0 Teske,H (2552)-Ringwelski,M (2056)/Paderborn 2009/CBM 134 Extra 
(42)}) 11. O-O Na6 12. a3 (12. Qd2 Nc7 13. Bc2 exd5 14. exd5 f5 15. f4 Nxg3 16.
Nxg3 g4 17. Rae1 Bd7 18. Kh1 Rf7 19. Re2 Bh8 20. Rfe1 Qf6 21. Re3 Re8 $4 (21...
h5 $1 $132 22. Nxh5 $140 Qh4 23. Ng3 Bd4) 22. Rxe8+ Nxe8 23. Bxf5 $18 {1/2
Caruana,F (2709)-Grischuk,A (2771)/Moscow blitz 2010/EXT 2011 (86)}) 12... Nc7
13. Qc2 $6 {Probably the wrong square for White's queen.} (13. Qd2 $142 {
although Black is perfectly OK after} Nxg3 14. Nxg3 Be5 15. Nh5 Ne8 $1 {
[%cal Ye8g7]}) 13... Rb8 14. Rab1 Nxg3 15. Nxg3 Bd7 16. b4 Be5 {[%mdl 32] This
plan of controlling dark squares (here "forced" by White's Qd1-c2) is more
logical than ...f7-f5 in this structure.} 17. bxc5 dxc5 18. Nce2 (18. Nd1 $142
Ne8 19. Ne3 Nf6 20. Qe2 $132 {[%cal Yg3h5]}) 18... Ne8 19. f4 gxf4 20. Nxf4 Qg5
21. Nge2 exd5 22. exd5 Nd6 {[%csl Gd6]} 23. Kh1 Rbe8 24. Rf2 Kh8 25. Rbf1 Rg8
$17 {[%cal Ge8e1,Gg8g2]} 26. Ng3 Bg4 27. Nfe2 Qh4 28. Rxf7 $2 {Desperation in
a difficult position.} (28. Rf4 {was a better way to sacrifice the exchange.}
Bxf4 29. Nxf4 Re3 30. Qb2+ $1 Rg7 31. Qf2 Qe7 32. Rc1 {, although Black should
win after all.}) 28... Nxf7 29. Rxf7 Re7 30. Rxe7 Qxe7 31. Nf5 Qg5 32. Neg3 h5
33. Qf2 h4 34. Qe1 Bxg3 {Black goes for a winning bishop endgame, which is
quite enough, although he could have ended the game at once by means of} (34...
Re8 $142 35. Nd6 Re7 36. Ngf5 Bxd6 $19) 35. Qc3+ Rg7 36. Qxg7+ Qxg7 37. Nxg7
Kxg7 38. hxg3 hxg3 {[%mdl 4096]} 39. Kg1 Kf6 40. Kf1 Ke5 41. Ke1 Kd4 42. Bg6 $6
(42. Be2 $142 {but Black should win after} Bd7 43. Kd2 a6 $19 {[%cal Yb7b5]})
42... Kxc4 43. Bf7 Kb5 $1 44. Be8+ Kb6 45. d6 Bf5 46. a4 a5 47. Kd2 Be4 48. Ke3
Bxg2 49. Kf4 Bc6 0-1

[Event "WchT 9th"]
[Site "Antalya"]
[Date "2013.11.27"]
[Round "2.2"]
[White "Korobov, Anton"]
[Black "Ding, Liren"]
[Result "1-0"]
[WhiteElo "2713"]
[BlackElo "2711"]
[Annotator "Krasenkow,M"]
[PlyCount "105"]
[EventDate "2013.11.26"]
[EventType "team-tourn"]
[EventRounds "9"]
[EventCountry "TUR"]
[SourceTitle "CBM 158"]
[Source "ChessBase"]
[SourceDate "2014.01.16"]
[SourceVersion "1"]
[SourceVersionDate "2014.01.16"]
[SourceQuality "1"]
[WhiteTeam "Ukraine"]
[BlackTeam "China"]
[WhiteTeamCountry "UKR"]
[BlackTeamCountry "CHN"]

1. d4 Nf6 2. c4 g6 3. Nc3 Bg7 4. g3 O-O 5. Bg2 d6 6. Nf3 Nc6 7. O-O Rb8 8. d5
Na5 9. Nd2 c5 10. Qc2 a6 11. a4 {This continuation, considered second-rate for
many years, has recently gained some popularity.} e6 (11... Bd7 {[%cal Yb7b5]}
12. b3 b5 {now opens up the a-file, which is favourable for White:} 13. axb5
axb5 14. cxb5 Bxb5 15. Ra3 Qb6 (15... Bd7 16. Qa2 Ra8 17. Bb2 $14) 16. Qa2 Nb7
17. Nc4 Bxc4 18. bxc4 Nd7 19. Nb5 $16 {1-0 (35) Pejko,O (2240)-Kalata,P (2235)
Slovakia 2008}) (11... e5 {deserves attention as White has no more possibility
to play on the queenside by means of a2-a3 and b2-b4. Here is a recent example
where Black outplayed his opponent:} 12. b3 h5 13. e4 (13. Nde4 $5 Nh7 14. h4
f5 15. Ng5) 13... h4 14. Bb2 Bh6 15. Nf3 hxg3 16. hxg3 Ng4 17. Nh2 Nxh2 18.
Kxh2 Qg5 19. Bc1 Qh5+ 20. Kg1 Bxc1 21. Raxc1 Kg7 22. Rb1 Rh8 23. f3 Qh2+ 24.
Kf2 Bh3 25. Rg1 f5 26. Qd2 Rbf8 $40 {0-1 (38) L'Ami,E (2623)-Rapport,R (2540)
Aix-les-Bains 2011}) 12. b3 (12. Rb1 exd5 13. cxd5 c4 14. b4 cxb3 15. Nxb3 Bd7
$13 {0-1 (43) McDonald,N (2449)-Haydon,D (2218) London 2010}) 12... exd5 (12...
Re8 13. Bb2 exd5 14. cxd5 Bf5 15. e4 Bd7 16. Rfe1 b5 17. axb5 axb5 18. h3 (18.
Ne2 b4 19. e5 $6 dxe5 20. Qxc5 Rb5 21. Qa7 Nxd5 $17 {0-1 (34) Kantorik,M (2368)
-Bezold,M (2521) Austria 2008}) 18... Qb6 19. Kh2 Nh5 20. Nd1 Bd4 21. Ne3 Nb7
22. Nf3 Bxb2 23. Qxb2 Qd8 24. e5 $16 {1/2 (51) Van der Sterren,P (2470)-Hebden,
M (2400) Marbella 1982}) (12... b5 13. axb5 axb5 14. dxe6 Bxe6 15. Nxb5 d5 {
1/2 (51) Werle,J (2459)-Afek,Y (2369) Groningen 2001} 16. Bb2 dxc4 17. bxc4
Nxc4 18. Nxc4 Rxb5 19. Be5 $14) 13. cxd5 Ng4 {Planning ...f7-f5.} ({It makes
no sense for Black to provoke e2-e4:} 13... Bf5 14. e4 Bd7 15. Bb2 b5 16. axb5
axb5 17. Nd1 ({or} 17. h3 Re8 18. Rfc1 Ra8 19. Nd1 Qb6 20. Ne3 Ra6 21. Bc3 Rea8
22. Bf1 $14 {1-0 (69) Onischuk,A (2580)-Rogers,I (2600) Germany 1997}) 17... b4
18. Ne3 Bb5 19. Rfe1 Nd7 20. Bxg7 Kxg7 21. f4 Ra8 22. e5 $1 dxe5 23. fxe5 Nxe5
24. Qxc5 Rb8 25. d6 $16 {1-0 (28) Van Oosterom,C (2413)-Ris,R (2423) Haarlem
2010}) (13... b5 {is very natural but I don't see full equality for Black:} 14.
axb5 axb5 15. Bb2 Re8 16. e4 Ba6 17. Rfe1 Qb6 18. h3 $1 $14 {and then,
depending on the situation, Ra1-a2 or Nc3-d1-e3} (18. Ra2 $143 {1-0 (45)
Zegarac,B (2269)-Benderac,S (2365) Jahorina 2001} b4 $1 19. Nd1 $140 $2 c4) (
18. Nd1 {is a bit premature due to} Nxd5 $1 19. Bxg7 Kxg7 20. Qb2+ Kg8 21. Qa2
Nc6 22. Qxa6 Qxa6 23. Rxa6 Ndb4 $13)) 14. h3 Nh6 15. Bb2 f5 {However, this
move weakens Black's kingside.} 16. e3 Nf7 17. Ne2 Bxb2 18. Qxb2 Ne5 19. Qc3
Qb6 20. Rfc1 Bd7 21. f4 Nf7 22. Rab1 {[%cal Rb3b4]} Rfc8 (22... Qb4 23. Qxb4
cxb4 24. Rc7 Rfd8 25. Nd4 $16) 23. g4 {All Black's pieces are on the queenside
so this action is very timely.} Qb4 24. gxf5 (24. Qb2 $6 Re8 {[%cal Re8e3,
Rf5g4]}) (24. Qxb4 cxb4 25. Bf3 {was also good; the e2 knight can go to d4 at
an appropriate moment.}) 24... Qxc3 (24... gxf5 25. Qb2 {[%cal Yg1f2,Yc1g1]})
25. Nxc3 gxf5 (25... Bxf5 26. e4 Bd7 27. Re1 Re8 28. e5 $1 dxe5 29. Nce4 Kg7
30. Nxc5 Bf5 31. Rbc1 $16 {[%cal Rb3b4]}) 26. Nc4 $1 b6 (26... Nxc4 27. bxc4
$16 {[%cal Gb1b7]}) 27. Nxa5 bxa5 28. Bf1 {[%csl Ra6]} Re8 29. Kf2 Bc8 30. Bc4
$16 {[%mdl 32] This bishop strengthens White's queenside, and he can start
preparing a break in the centre, where he has an extra pawn.} Nh6 31. Rg1+ Kh8
32. Rbe1 Rf8 33. e4 $6 (33. Kg3 {[%cal Yg3h2,Ye3e4] was more solid.}) 33...
fxe4 34. Nxe4 $1 Rb6 (34... Rxf4+ 35. Kg3 Rf8 36. Nxd6) (34... Nf5 35. Ng5) 35.
Kf3 $6 (35. Ng5 $1 Rxf4+ 36. Ke3 Rf8 (36... Rf5 37. Kd2) 37. Ne6 Re8 38. Kd2
$16) 35... Nf5 36. Ng5 Nd4+ {Black has suddenly got strong counterplay.} 37.
Kg3 Rb7 38. Ne6 Bxe6 39. dxe6 Rg7+ $6 (39... Re7 $5 {Black is by no means
worse, and} 40. Re4 $2 Rg8+ 41. Kf2 Rxg1 42. Kxg1 Kg7 {is clearly in his
favour.}) 40. Kf2 Rxf4+ (40... Re7 41. Re4 Rf6 (41... Rf5 42. Rg5) 42. Rg5 $36
Nxe6 $2 43. Rg3 {[%cal Rg3e3]}) 41. Ke3 {At the cost of a pawn, White's king
has reached the centre.} Rf3+ (41... Rf8 42. Ke4 Rxg1 43. Rxg1 Re8 44. h4 $1
Nxe6 (44... Re7 45. h5 Re8 46. h6) 45. Kd5 Nd4 46. Kxd6 $16) 42. Ke4 Rf5 43.
Rgf1 $1 Re5+ (43... Rgg5 44. e7 $18) (43... Rxf1 44. Rxf1 Rg5 45. Rf8+ Kg7 46.
Rg8+ $1 Kxg8 47. e7+ Kg7 48. e8=Q Re5+ 49. Qxe5+ dxe5 50. Kxe5 $18) 44. Kd3 Rf5
45. Rxf5 Nxf5 {[%mdl 4096]} 46. Ke4 {White now easily wins due to his "extra
king".} Ne7 47. Rd1 $1 d5+ 48. Bxd5 Rg3 49. Bc4 Kg7 50. Rf1 $1 Kh6 51. Rf7 Ng6
52. e7 Rg1 53. Kd5 1-0